000 00349 a2200169 4500
001 163968
020 _a85-322-0535-6
040 _cMagnum
100 _aVersiani, Ivana
240 1 0 _aAraponga meu amor
_lpor
245 1 0 _aAraponga meu amor
300 _a123
362 0 _a1992
440 1 _aFTD
697 _aLITERATURA JUVENIL
942 _cBK
999 _c163968
_d163968